| 000 | 04783namaa2200469uu 4500 | ||
|---|---|---|---|
| 001 | doab134677 | ||
| 003 | oapen | ||
| 005 | 20260218110436.0 | ||
| 006 | m o d | ||
| 007 | cr|mn|---annan | ||
| 008 | 240224s2024 xx |||||o ||| 0|eng d | ||
| 020 | _a9783111327785 | ||
| 020 | _a9783111331492 | ||
| 020 | _a9783111331492 | ||
| 020 | _a9783111331621 | ||
| 024 | 7 |
_a10.1515/9783111331492 _2doi |
|
| 040 |
_aoapen _coapen _d |
||
| 041 | 0 | _aeng | |
| 042 | _adc | ||
| 720 | 1 |
_aConermann, Stephan _4edt |
|
| 245 | 0 | 0 |
_aCultural Heritage and Slavery _bPerspectives from Europe |
| 260 |
_aBerlin/Boston _bDe Gruyter _c2024 |
||
| 300 | _a1 online resource (352 p.) | ||
| 336 |
_atext _btxt _2rdacontent |
||
| 337 |
_acomputer _bc _2rdamedia |
||
| 338 |
_aonline resource _bcr _2rdacarrier |
||
| 490 | 1 | _aDependency and Slavery Studies | |
| 506 | 0 |
_fUnrestricted online access _2star |
|
| 520 | _aIn the recent cultural heritage boom, community-based and national identity projects are intertwined with interest in cultural tourism and sites of the memory of enslavement. Questions of historical guilt and present responsibility have become a source of social conflict, particularly in multicultural societies with an enslaving past. This became apparent in the context of the Black Lives Matter movement in 2020, when statues of enslavers and colonizers were toppled, controversial debates about streets and places named after them re-ignited, and the European Union apologized for slavery after the racist murder of George Floyd. Related debates focus on museums, on artworks acquired unjustly in societies under colonial rule, the question of whether and how museums should narrate the hidden past of enslavement and colonialism, including their own colonial origins with respect to narratives about presumed European supremacy, and the need to establish new monuments for the enslaved, their resistance, and abolitionists of African descent. In this volume, we address this dissonant cultural heritage in Europe, with a strong focus on the tangible remains of enslavement in the Atlantic space in the continent. This may concern, for instance, the residences of royal, noble, and bourgeois enslavers; charitable and cultural institutions, universities, banks, and insurance companies, financed by the traders and owners of enslaved Africans; merchants who dealt in sugar, coffee, and cotton; and the owners of factories who profited from exports to the African and Caribbean markets related to Atlantic slavery. ; In the recent cultural heritage boom, community-based and national identity projects are intertwined with interest in cultural tourism and sites of the memory of enslavement. Questions of historical guilt and present responsibility have become a source of social conflict, particularly in multicultural societies with an enslaving past. This became apparent in the context of the Black Lives Matter movement in 2020, when statues of enslavers and colonizers were toppled, controversial debates about streets and places named after them re-ignited, and the European Union apologized for slavery after the racist murder of George Floyd. Related debates focus on museums, on artworks acquired unjustly in societies under colonial rule, the question of whether and how museums should narrate the hidden past of enslavement and colonialism, including their own colonial origins with respect to narratives about presumed European supremacy, and the need to establish new monuments for the enslaved, their resistance, and abolitionists of African descent. In this volume, we address this dissonant cultural heritage in Europe, with a strong focus on the tangible remains of enslavement in the Atlantic space in the continent. This may concern, for instance, the residences of royal, noble, and bourgeois enslavers; charitable and cultural institutions, universities, banks, and insurance companies, financed by the traders and owners of enslaved Africans; merchants who dealt in sugar, coffee, and cotton; and the owners of factories who profited from exports to the African and Caribbean markets related to Atlantic slavery. | ||
| 540 |
_aCreative Commons _fby-nc-nd/4.0 _2cc _uhttp://creativecommons.org/licenses/by-nc-nd/4.0 |
||
| 546 | _aEnglish | ||
| 720 | 1 |
_aConermann, Stephan _4oth |
|
| 720 | 1 |
_aRauhut, Claudia _4edt |
|
| 720 | 1 |
_aRauhut, Claudia _4oth |
|
| 720 | 1 |
_aSchmieder, Ulrike _4edt |
|
| 720 | 1 |
_aSchmieder, Ulrike _4oth |
|
| 720 | 1 |
_aZeuske, Michael _4edt |
|
| 720 | 1 |
_aZeuske, Michael _4oth |
|
| 793 | 0 | _aDOAB Library. | |
| 856 |
_uhttps://docs.google.com/spreadsheets/d/1yKIrdCPDAG_9c22mwoOIO2DOhtj65Wqa/edit?usp=sharing&ouid=106555315294820607512&rtpof=true&sd=true _yList of Curated E-Books |
||
| 942 | _cE-BOOK | ||
| 999 |
_c81085 _d81084 |
||